000 00541nam a2200241Ia 4500
003 OSt
005 20220912152536.0
006 a|||||r|||| 00| 0
007 ta
008 220909b |||||||| |||| 00| 0 eng d
024 _a42470
037 _cTextual
040 _aCSL
_beng
_cCSL
041 _aeng
082 _aG111, L5
100 _aEisenman G Ed.
245 0 _aMembranes
260 _c1975
300 _ap.
_ccm.
650 _aBiology
942 _hG111, L5
_cTEXL
_2CC
999 _c88205
_d88205